Simposio: La agroindustria en Costa Rica

Guardat en:
Dades bibliogràfiques
Autor corporatiu: Costa Rica. Ministerio de Economía, Industria y Comercio. Oficina Sectorial de Planificación Industrial
Format: Desconegut
Publicat: San José: OSPI
Etiquetes: Afegir etiqueta
Sense etiquetes, Sigues el primer a etiquetar aquest registre!

MARC

LEADER 00000 a2200000 04500
001 19227
003
008 991231s d
040
090 |a 019605  
110 |a Costa Rica. Ministerio de Economía, Industria y Comercio. Oficina Sectorial de Planificación Industrial  
245 |a Simposio: La agroindustria en Costa Rica  
260 |a San José:   |b OSPI  
300 |a 70 p  
999 |c 15255  |d 15255